Spoločné vyhlásenie predsedov strán SDK a MK

Bibliographic Details
Format: Article
Language:Slovak
Subjects:

MARC

LEADER 00000nab a2200000 a 4500
001 vtls000640264
003 SK-MaSNL
005 20260303201222.0
008 160401c1997 xo 0 slo
015 |a SNBRB19rr/mm-uuuuu 
035 |a CL0640403 
040 |a SNKBUCL  |b slo  |c SNKBUCL  |e AACR2 
041 0 |a slo 
044 |a xo  |c SK 
080 |a 329.052(437.6)SDK:329(437.6=945.11)MK  |2 1981 
080 |a 329(437.6=945.11)MK  |2 1981 
245 0 0 |a Spoločné vyhlásenie predsedov strán SDK a MK 
610 2 7 |a Slovenská demokratická koalícia (politická strana)  |2 snkbucl  |9 38262 
650 0 7 |a Maďarská koalícia  |2 snkbucl  |9 893922 
655 7 |a články z novín a časopisov  |2 snkbucl  |9 267496 
773 0 |t Sme  |g Roč. 5 a 50, č. 211 (13. 9. 1997), s. 4 
850 |a Slovenská národná knižnica v Martine  |a MTA001 
852 |a SNK  |b KIS3GCP 
958 |a SK 
958 |a NX 
958 |a RK 
958 |a RBX 
999 |c 2172521  |d 2174451